Normal view
MARC view
Entry Topical Term
001 - CONTROL NUMBER
- control field: 4584
003 - CONTROL NUMBER IDENTIFIER
- control field: ARRUPE
005 - DATE AND TIME OF LATEST TRANSACTION
- control field: 20131202165613.0
008 - FIXED-LENGTH DATA ELEMENTS
- fixed length control field: 131202|| aca||aabn | a|a d
040 ## - CATALOGING SOURCE
- Original cataloging agency: ARRUPE
- Transcribing agency: ARRUPE
150 ## - HEADING--TOPICAL TERM
- Topical term or geographic name as entry element: Clothing and dress
- General subdivision: History
- Chronological subdivision: 20th century.
670 ## - SOURCE DATA FOUND
- Source citation: Work cat.: (ARRUPE)0: Lipovetsky, Gilles, 1944- 4582, The empire of fashion :, c1994.